Committee on Veterans Affairs, House of Representatives.

Veterans Administration report on H.R. 174, to presume that any disability incurred by a veteran who was held as a prisoner of war by the Japanese for 2 years or more during World War II and was not furnished the quantity and quality of food to which he was entitled under the Geneva Convention of 19...

Full description

Bibliographic Details
Corporate Authors: United States. Congress. House. Committee on Veterans' Affairs, ProQuest (Firm)
Format: eBook
Language:English
Published: [Place of publication not identified] : [publisher not identified], 1963.
Series:U.S. Congressional Research.
Subjects:
Online Access:Connect to the full text of this electronic book

MARC

Tag First Indicator Second Indicator Subfields
LEADER 00000cam a22000001a 4500
001 in00003296113
006 m d f
007 cr bn mmmapmmp
008 100520s1963 dcu o f000 0 eng d
005 20260430211651.6
035 |a cis2007838997 
040 |a LexisNexis  |c LexisNexis  |d UtOrBLW 
043 |a n-us--- 
099 |a CMP-1963-VAH-0033 
110 1 |a United States.  |b Congress.  |b House.  |b Committee on Veterans' Affairs. 
245 1 0 |a Committee on Veterans Affairs, House of Representatives. 
264 1 |a [Place of publication not identified] :  |b [publisher not identified],  |c 1963. 
300 |a 1 online resource. 
336 |a text  |b txt  |2 rdacontent 
337 |a computer  |b c  |2 rdamedia 
338 |a online resource  |b cr  |2 rdacarrier 
500 |a Untitled Prints of Correspondence, 88th Congress, 1st Session. 
500 |a Record is based on bibliographic data in LexisNexis U.S. Congressional Research Digital Collection (last viewed May 2010). Reuse except for individual research requires license from LexisNexis. 
500 |a Print. 
520 |a Veterans Administration report on H.R. 174, to presume that any disability incurred by a veteran who was held as a prisoner of war by the Japanese for 2 years or more during World War II and was not furnished the quantity and quality of food to which he was entitled under the Geneva Convention of 1929 shall be considered to be a service-connected disability. 
500 |a Electronic resource. 
610 1 0 |a United States.  |b Veterans Administration. 
650 0 |a People with disabilities. 
651 0 |a Japan. 
655 7 |a Electronic books.  |2 local 
710 2 |a ProQuest (Firm) 
776 0 8 |i Microfiche version:   |a United States. Congress. House. Committee on Veterans' Affairs.  |t Committee on Veterans Affairs, House of Representatives.  |o H9809 
830 0 |a U.S. Congressional Research. 
856 4 0 |u http://proxy.library.tamu.edu/login?url=https://congressional.proquest.com/congcomp/getdoc?CRDC-ID=CMP-1963-VAH-0033  |z Connect to the full text of this electronic book  |t 0 
999 |a MARS 
999 f f |s d202632d-feca-3ab1-a46c-c6b1902b27a7  |i bc34fa1f-1d73-3aec-bd97-a8102233018d  |t 0 
952 f f |a Texas A&M University  |b College Station  |c Electronic Resources  |s www_evans  |d Available Online  |t 0  |e CMP-1963-VAH-0033  |h Other scheme 
998 f f |a CMP-1963-VAH-0033  |t 0  |l Available Online